<?xml version="1.0" encoding="UTF-8"?>
<record
    xmlns:xsi="http://www.w3.org/2001/XMLSchema-instance"
    xsi:schemaLocation="http://www.loc.gov/MARC21/slim http://www.loc.gov/standards/marcxml/schema/MARC21slim.xsd"
    xmlns="http://www.loc.gov/MARC21/slim">

  <leader>01044nam a2200253 a 4500</leader>
  <controlfield tag="001">52421</controlfield>
  <controlfield tag="003">BD-RjUL</controlfield>
  <controlfield tag="005">20211209075813.0</controlfield>
  <controlfield tag="008">160920s2001    bg ||||| |||| 00| 0 ben d</controlfield>
  <datafield tag="020" ind1=" " ind2=" ">
    <subfield code="c">: Tk. 60.00</subfield>
  </datafield>
  <datafield tag="035" ind1=" " ind2=" ">
    <subfield code="a">(BD-RjUL)52541</subfield>
  </datafield>
  <datafield tag="040" ind1=" " ind2=" ">
    <subfield code="a">BD-RjUL</subfield>
    <subfield code="b">ben</subfield>
    <subfield code="c">BD-RjUL</subfield>
  </datafield>
  <datafield tag="041" ind1=" " ind2=" ">
    <subfield code="a">ben</subfield>
  </datafield>
  <datafield tag="082" ind1=" " ind2=" ">
    <subfield code="2">23</subfield>
    <subfield code="a">796.04</subfield>
    <subfield code="b">CHB 2001</subfield>
  </datafield>
  <datafield tag="100" ind1="1" ind2=" ">
    <subfield code="a">&#x99A;&#x995;&#x9CD;&#x9B0;&#x9AC;&#x9B0;&#x9CD;&#x9A4;&#x9C0;, &#x9AC;&#x9B0;&#x9C1;&#x9A3;&#x995;&#x9C1;&#x9AE;&#x9BE;&#x9B0;</subfield>
    <subfield code="9">156827</subfield>
  </datafield>
  <datafield tag="245" ind1="1" ind2="0">
    <subfield code="a">&#x9AC;&#x9BE;&#x999;&#x9B2;&#x9BE;&#x9B0; &#x9B2;&#x9CB;&#x995;&#x995;&#x9CD;&#x9B0;&#x9C0;&#x9A1;&#x9BC;&#x9BE; /</subfield>
    <subfield code="c">&#x9AC;&#x9B0;&#x9C1;&#x9A3;&#x995;&#x9C1;&#x9AE;&#x9BE;&#x9B0; &#x99A;&#x995;&#x9CD;&#x9B0;&#x9AC;&#x9B0;&#x9CD;&#x9A4;&#x9C0; </subfield>
  </datafield>
  <datafield tag="260" ind1=" " ind2=" ">
    <subfield code="a">&#x995;&#x9B2;&#x995;&#x9BE;&#x9A4;&#x9BE; : </subfield>
    <subfield code="b">&#x9AA;&#x9C1;&#x9B8;&#x9CD;&#x9A4;&#x995; &#x9AC;&#x9BF;&#x9AA;&#x9A8;&#x9BF;,</subfield>
    <subfield code="c">&#x9E8;&#x9E6;&#x9E6;&#x9E7;</subfield>
  </datafield>
  <datafield tag="300" ind1=" " ind2=" ">
    <subfield code="a">&#x9E7;&#x9E6;&#x9EE; &#x9AA;&#x9C3;. :</subfield>
    <subfield code="b">&#x99A;&#x9BF;&#x9A4;&#x9CD;&#x9B0; ;</subfield>
    <subfield code="c">&#x9E7;&#x9E8; &#x9B8;&#x9C7;&#x9AE;&#x9BF;. </subfield>
  </datafield>
  <datafield tag="490" ind1=" " ind2=" ">
    <subfield code="a">&#x9B2;&#x9CB;&#x995;&#x9B8;&#x982;&#x9B8;&#x9CD;&#x995;&#x9C3;&#x9A4;&#x9BF; &#x997;&#x9AC;&#x9C7;&#x9B7;&#x9A3;&#x9BE; &#x997;&#x9CD;&#x9B0;&#x9A8;&#x9CD;&#x9A5;&#x9AE;&#x9BE;&#x9B2;&#x9BE; ; </subfield>
    <subfield code="v">&#x9E7;&#x9E7;</subfield>
  </datafield>
  <datafield tag="650" ind1=" " ind2=" ">
    <subfield code="a">&#x995;&#x9CD;&#x9B0;&#x9C0;&#x9A1;&#x9BC;&#x9BE;</subfield>
    <subfield code="9">124234</subfield>
  </datafield>
  <datafield tag="650" ind1=" " ind2=" ">
    <subfield code="a">Sports and games</subfield>
    <subfield code="9">156828</subfield>
  </datafield>
  <datafield tag="830" ind1=" " ind2=" ">
    <subfield code="a">&#x9B2;&#x9CB;&#x995;&#x9B8;&#x982;&#x9B8;&#x9CD;&#x995;&#x9C3;&#x9A4;&#x9BF; &#x997;&#x9AC;&#x9C7;&#x9B7;&#x9A3;&#x9BE; &#x997;&#x9CD;&#x9B0;&#x9A8;&#x9CD;&#x9A5;&#x9AE;&#x9BE;&#x9B2;&#x9BE; ; </subfield>
    <subfield code="v">&#x9E7;&#x9E7;</subfield>
    <subfield code="9">142869</subfield>
  </datafield>
  <datafield tag="942" ind1=" " ind2=" ">
    <subfield code="2">ddc</subfield>
    <subfield code="c">BK</subfield>
  </datafield>
  <datafield tag="999" ind1=" " ind2=" ">
    <subfield code="c">52421</subfield>
    <subfield code="d">52421</subfield>
  </datafield>
  <datafield tag="952" ind1=" " ind2=" ">
    <subfield code="0">0</subfield>
    <subfield code="1">0</subfield>
    <subfield code="2">ddc</subfield>
    <subfield code="4">0</subfield>
    <subfield code="7">0</subfield>
    <subfield code="8">NFIC</subfield>
    <subfield code="a">RUCL</subfield>
    <subfield code="b">RUCL</subfield>
    <subfield code="c">Stack</subfield>
    <subfield code="d">2008-01-17</subfield>
    <subfield code="e">Paragon Enterprise Lit., Dhaka</subfield>
    <subfield code="g">60.00</subfield>
    <subfield code="l">2</subfield>
    <subfield code="o">B 796.04 CHB 2001</subfield>
    <subfield code="r">2022-10-13 00:00:00</subfield>
    <subfield code="s">2022-09-20</subfield>
    <subfield code="t">C-2</subfield>
    <subfield code="w">2016-09-20</subfield>
    <subfield code="y">BK</subfield>
  </datafield>
  <datafield tag="952" ind1=" " ind2=" ">
    <subfield code="0">0</subfield>
    <subfield code="1">0</subfield>
    <subfield code="2">ddc</subfield>
    <subfield code="4">0</subfield>
    <subfield code="7">0</subfield>
    <subfield code="8">NFIC</subfield>
    <subfield code="a">RUCL</subfield>
    <subfield code="b">RUCL</subfield>
    <subfield code="c">Stack</subfield>
    <subfield code="d">2008-01-17</subfield>
    <subfield code="e">Paragon Enterprise Lit., Dhaka</subfield>
    <subfield code="g">60.00</subfield>
    <subfield code="l">0</subfield>
    <subfield code="o">B 796.04 CHB 2001</subfield>
    <subfield code="r">2016-09-20 00:00:00</subfield>
    <subfield code="t">C-3</subfield>
    <subfield code="w">2016-09-20</subfield>
    <subfield code="y">BK</subfield>
  </datafield>
</record>
